000 00858nas a2200301 4500
001 BR2016000450
003 BR-BrBNA
005 20231205130051.0
007 ta
008 230509b bl.|||p| |||| 00| 00por d
040 _aBR-BrBNA
_bpor
_cBiblioteca Nacional de Agricultura
041 _a(Pt)
072 _aF40; E13
100 1 _aMedeiros, G.I.B. de
100 1 _aFlorindo, T.J.
100 1 _aCosta, J.S. da
245 1 _aImpacto climático na produtividade e seguro rural
650 _aAGRONEGÓCIO
650 _aSOJA
650 _aMILHO
650 _aCONDIÇÃO AMBIENTAL
650 _aGEADA
650 _aSEGURO RURAL
650 _aSEMEADURA
773 0 _tRevista de Política Agrícola (Brazil)
_xISSN 1413-4969
_g(Jul-Sep 2015), v. 24(3) p. 77-87
_wBR2016000450
909 _a202311
_bLúcia
_c55
_dLúcia Elande
942 _2AGRIS
_n0
_cANA
999 _c247735
_d247735